000
00337nam a2200133Ia 4500
008
240624s9999 xx 000 0 und d
041
_a
eng
082
_a
153.12 LOR
100
_a
LORAYNE HARRY
245
_a
HOW TO GET RICH USING THE POWER OF YOUR
260
_c
2003
_a
New Delhi
_b
Harper Collins
300
_a
226 : cm. ; 18
365
_c
RS
999
_c
2312
_d
2312